100 preguntas y respuestas sobre Empresas Familiares / (Record no. 23461)

000 -CABECERA
fixed length control field 00866nam a22002537i 4500
003 - IDENTIFICADOR DEL NÚMERO DE CONTROL
control field AR-CdUCM
008 - DATOS DE LONGITUD FIJA--INFORMACIÓN GENERAL
fixed length control field 260120b20232023 pe||||| |||| 00| 0 spa d
020 ## - NÚMERO INTERNACIONAL ESTÁNDAR DEL LIBRO
ISBN 978-612-4327-53-7
040 ## - FUENTE DE LA CATALOGACIÓN
Agencia/entidad que catalogó originalmente la obra MUNICIPALIDAD PROVINCIAL DEL CUSCO
Entidad que transcribió la catalogación BIBLIOTECA MUNICIPAL DEL CUSCO
082 ## - NÚMERO DE LA CLASIFICACIÓN DECIMAL DEWEY
No. de la edición Lima-Perú :
No. de Clasificación ES / 658 /
Notacion interna M84
100 ## - ENTRADA PRINCIPAL--NOMBRE DE PERSONA
Nombre Personal Montalbetti, Pablo
245 ## - MENCIÓN DE TÍTULO
Título 100 preguntas y respuestas sobre Empresas Familiares /
260 ## - PUBLICACIÓN, DISTRIBUCIÓN, ETC.
Lugar de publicación, distribución, etc. Lima-Perú :
Nombre de la editorial, distribuidor, etc. Editorial Planeta Perú S.A.
Fecha de publicación, distribución, etc. 2023
300 ## - DESCRIPCIÓN FÍSICA
Nº de Páginas Extensión 130 páginas. :
Dimensiones 23x15 cm.
505 ## - NOTA DE CONTENIDO CON FORMATO
Nota de contenido formateada Gobierno -- Gerencia general -- Rol de familiares en la empresa -- Sucesión
650 ## - PUNTO DE ACCESO ADICIONAL DE MATERIA--TÉRMINO DE MATERIA
Descriptor Propiedad
9 (RLIN) 740
650 ## - PUNTO DE ACCESO ADICIONAL DE MATERIA--TÉRMINO DE MATERIA
Descriptor Cultura
9 (RLIN) 126
650 ## - PUNTO DE ACCESO ADICIONAL DE MATERIA--TÉRMINO DE MATERIA
Descriptor Protocolo familiar
9 (RLIN) 52039
650 ## - PUNTO DE ACCESO ADICIONAL DE MATERIA--TÉRMINO DE MATERIA
Descriptor Asesoría
9 (RLIN) 52040
856 ## - LOCALIZACIÓN Y ACCESO ELECTRÓNICOS
Dirección electrónica www.planetadelibros.com.pe
942 ## - ELEMENTOS DE PUNTO DE ACCESO ADICIONAL (KOHA)
Fuente de clasificación
Tipo de item Libros-BMC
945 ## - PROCESAMIENTO DE INFORMACIÓN LOCAL (OCLC)
Catalogador pbjr
AAAA-MM-DD - Fecha de ingreso o modificacion 20-01-2026
Holdings
Estado de retiro (separado) Fuente de clasificación o esquema de estanterías Estado dañado Ubicación Sala donde se ubica Nombre de la colección Fecha de adquisición o compra Fuente de adquisición Costo, precio normal en soles Signatura topográfica Código de Barras Última vez visto (Koha) Tipo de ítem (Koha)
No     Sala de Infantes Sala de Infantes Book Cart 2026-01-20 Donación 20.00 ES / 658 / M84 SI00005069 2026-01-20 Libros-BMC

Powered by Koha